00571nam a22001817a 450000500170000001000150001702000260003203500140005803700090007208200110008110000110009224500430010325000060014626000490015227001190020130000200032050000490034020260105113156.0 aENG-147387 a9789355018632c529.00 aEN-130919 bDBAD a00021 aHemant a90 Magical Chalisa of English/cHemant a1 aNew DelhibS Chand and Company Limitedc2026 a A-27, 2nd Floor, Mohan Co-operative Industrial EstatebNew Delhie110044minfo@schandpublishing.comk011-49731800 a349p.c26cm(pb) a90 Magical Rules for Solving 3600+ Questions